Power negotiating : strategies for winning in life and business
| Main Author: | |
|---|---|
| Format: | Book |
| Published: |
Massachusetts :
Addison-Wesley Publishing ,
1980
|
| Subjects: |
MARC
| LEADER | 00000cam a2200000 7i4500 | ||
|---|---|---|---|
| 001 | 0000006005 | ||
| 002 | 000006486 | ||
| 005 | 20000330.0 | ||
| 020 | |a 0201031493 | ||
| 090 | 0 | 0 | |a 650.1 |b ILI |
| 100 | 1 | |a Ilich, John | |
| 245 | 1 | 0 | |a Power negotiating : |b strategies for winning in life and business |c John Ilich |
| 260 | |a Massachusetts : |b Addison-Wesley Publishing , |c 1980 | ||
| 300 | |a 169p. ; |c 24cm. | ||
| 650 | 0 | 0 | |a Negotiation |
| 999 | |a 037832 |b BUKU |c PINJAMAN |e PERPUSTAKAAN KOMUNITI PETALING JAYA | ||